| 000 | 00397nam a2200133Ia 4500 | ||
|---|---|---|---|
| 005 | 20260326235440.0 | ||
| 008 | 260326s9999||||xx |||||||||||||| ||und|| | ||
| 100 | _aCortazar, Roberto | ||
| 245 | 0 |
_aMonumentos, estatuas, bustos, medallones y placas conmemorativas existentes en Bogotá en 1938 / _cRoberto Cortazar |
|
| 260 | _bSelecta | ||
| 300 | _a530 p. | ||
| 650 | _aLATINOAMÉRICA | ||
| 942 | _cBK | ||
| 999 |
_c7358 _d7358 |
||